[Event "Krasnodar Region-ch"]
[Site "Krasnodar"]
[Date "2010.10.23"]
[Round "8"]
[White "Sanarov, Oleg"]
[Black "Barsamian, Eduard"]
[Result "1/2-1/2"]
[WhiteElo "2262"]
[BlackElo "2211"]
[PlyCount "114"]
[EventDate "2010.10.16"]
[EventType "swiss"]
[EventRounds "9"]
[EventCountry "RUS"]
[SourceTitle "EXT 2022"]
[Source "ChessBase"]
[SourceDate "2021.10.06"]
[SourceVersion "1"]
[SourceVersionDate "2021.10.06"]
[SourceQuality "1"]

1. e4 c6 2. d4 d5 3. f3 e6 4. Nc3 Bb4 5. Bd2 Nd7 6. Bd3 dxe4 7. Nxe4 Be7 8. Qe2 Qb6 9. 0-0-0 Ngf6 10. Be3 Nd5 11. Bf2 N7f6 12. Qd2 0-0 13. Ne2 Qb4 14. c4 Qxd2+ 15. Nxd2 Nb4 16. Bb1 b6 17. a3 Na6 18. Nb3 Bb7 19. Nf4 Rac8 20. Nd3 c5 21. dxc5 Nd7 22. Ba2 Naxc5 23. Ndxc5 Nxc5 24. Nxc5 Bxc5 25. Bxc5 Rxc5 26. Rd7 Bd5 27. Rxa7 Bxc4 28. Bxc4 Rxc4+ 29. Kb1 b5 30. Rd1 h5 31. Rb7 Rc5 32. Rd2 Rfc8 33. Ka2 Rf5 34. Ra7 Kh7 35. Ra5 Kg6 36. b3 h4 37. h3 Kg5 38. a4 bxa4 39. Rxf5+ exf5 40. bxa4 Rc3 41. Kb1 Rb3+ 42. Rb2 Ra3 43. Ra2 Rb3+ 44. Kc2 Rb8 45. Kd3 Kf4 46. a5 Kg3 47. a6 g5 48. Kd4 g4 49. hxg4 fxg4 50. fxg4 Kxg4 51. Ke5 Kg3 52. Ra4 Kxg2 53. Rxh4 Rb5+ 54. Kf4 Rb4+ 55. Kg5 f6+ 56. Kh5 Rb5+ 57. Kg6 Ra5 1/2-1/2

[Event "Krasnodar Region-ch"]
[Site "Krasnodar"]
[Date "2010.10.22"]
[Round "7"]
[White "Barsamian, Eduard"]
[Black "Piven, Vladimir"]
[Result "1/2-1/2"]
[WhiteElo "2211"]
[BlackElo "2037"]
[PlyCount "67"]
[EventDate "2010.10.16"]
[EventType "swiss"]
[EventRounds "9"]
[EventCountry "RUS"]
[SourceTitle "EXT 2022"]
[Source "ChessBase"]
[SourceDate "2021.10.06"]
[SourceVersion "1"]
[SourceVersionDate "2021.10.06"]
[SourceQuality "1"]

1. d4 Nf6 2. c4 e5 3. dxe5 Ng4 4. Nf3 Bc5 5. e3 Nc6 6. Nc3 Ngxe5 7. Be2 d6 8. 0-0 Be6 9. b3 0-0 10. Bb2 Nxf3+ 11. Bxf3 Ne5 12. Be4 Qh4 13. Qe2 c6 14. Bc2 f5 15. Na4 Bb4 16. Rad1 Rad8 17. Rd4 Ng4 18. h3 c5 19. Rdd1 Nf6 20. Nc3 Bxc3 21. Bxc3 d5 22. cxd5 Nxd5 23. Bb2 Nb4 24. Bb1 Bd5 25. a3 Nc6 26. e4 Bxb3 27. Rxd8 Rxd8 28. Qb5 Bf7 29. Qxb7 Nd4 30. Qxa7 Ne2+ 31. Kh1 Qf4 32. Ba2 Ng3+ 33. Kg1 Ne2+ 34. Kh1 1/2-1/2